A quels pays appartiennent ces villes ? (Europe) - Statistiques

Statistiques générales
  • Ce quiz a été pris 50 fois
  • Le résultat moyen est 6 sur 14
Statistiques - réponses
Villes Pays % Correct
Porto Portugal
98%
Montpellier France
95%
Pescara Italie
72%
Dinant Belgique
53%
Ciucea Roumanie
51%
Schladming Autriche
46%
Jaklovce Slovaquie
46%
Ratisbonne Allemagne
45%
Turku Finlande
34%
Durham Angleterre
23%
Orsa Suède
21%
Thisted Danemark
17%
Eger Hongrie
17%
Valmiera Lettonie
15%
Rinas Albanie
8%
Aucun quiz correspondant
Distribution des résultats
% des personnes avec chaque résultat
Percentile par nombre de réponses
Votre historique - résultats
Vous n’avez pas pris ce quiz